000 00602nam a2200205Ia 4500
005 20260415160320.0
008 008 250505s9999 xx 000 0 eng d
037 _aTextual
040 _aFEDL
_beng
_cFEDL
041 _aeng
_2eng
084 _a181.1 YUL
_qFEDL
100 _aYu-Lan Fung
245 0 _aSpirit of chinese philosophy
260 _aLondon, UK
_bKegan Paul, Trench, Trubner and Co. Ltd
_c1947
300 _axiv,224p.
650 _aOriental Philosophy
_9755543
700 _a Hughes E.R.
_9756052
942 _cTEXL
_h181.1 YUL
999 _c1321599
_d1321599